Pastoral de nuestro santísimo padre Benedicto XIV (Record no. 8174)

MARC details
000 -CABECERA
campo de control de longitud fija 01150nam a2200277 a 4500
001 - NÚMERO DE CONTROL
campo de control BRCA_8508
003 - IDENTIFICADOR DEL NÚMERO DE CONTROL
campo de control FranzMayer
005 - FECHA Y HORA DE LA ÚLTIMA TRANSACCIÓN
campo de control 20230724105613.0
008 - DATOS DE LONGITUD FIJA--INFORMACIÓN GENERAL
campo de control de longitud fija 290616s1764----sp-#######---#000-0#spa-#
040 ## - FUENTE DE LA CATALOGACIÓN
Centro catalogador/agencia de origen MFM
Lengua de catalogación esp
Centro/agencia transcriptor MFM
041 ## - CÓDIGO DE LENGUA
Código de lengua del texto/banda sonora o título independiente spa
044 ## - CÓDIGO DEL PAÍS DE LA ENTIDAD EDITORA/PRODUCTORA
Código MARC del país sp
084 ## - OTRO NÚMERO DE CLASIFICACIÓN
Número de clasificación BE13
Número de documento/Ítem .P37 1764
245 10 - MENCIÓN DE TÍTULO
Título Pastoral de nuestro santísimo padre Benedicto XIV
Resto del título de gloriosa memoria, siendo Cardenal Arzobispo de la Santa Iglesia de Bolonia ; e instrucciones eclesiásticas para su diócesi
Mención de responsabilidad, etc. traducidas del toscano por el Fr. Juan Facundo Raulin.
260 ## - PUBLICACIÓN, DISTRIBUCIÓN, ETC.
Lugar de publicación, distribución, etc. Madrid
Nombre del editor, distribuidor, etc. Por Joachin Ibarra
Fecha de publicación, distribución, etc. 1764
300 ## - DESCRIPCIÓN FÍSICA
Extensión [14], 472 p. (t.2, 3a impresión)
Dimensiones 21 x 15 cm.
500 ## - NOTA GENERAL
Nota general Estado físico : cintas rotas y ciertas hojas manchadas
500 ## - NOTA GENERAL
Nota general Ver también : BE3 (tomo 2, 1769), BE5 (tomo 1, 1790) y BE93 (tomo 2, 1769)
500 ## - NOTA GENERAL
Nota general Libro en sala de exhibiciones artes decorativas 1, dentro del Museo Franz Mayer
600 14 - PUNTO DE ACCESO ADICIONAL DE MATERIA--NOMBRE DE PERSONA
Nombre de persona Benedicto XIV
Títulos y otros términos asociados al nombre Papa
Fechas asociadas al nombre 1675-1758
9 (RLIN) 21337
650 14 - PUNTO DE ACCESO ADICIONAL DE MATERIA--TÉRMINO DE MATERIA
Término de materia o nombre geográfico como elemento de entrada Iglesia católica
Subdivisión general Disciplina
9 (RLIN) 463
651 #4 - PUNTO DE ACCESO ADICIONAL DE MATERIA--NOMBRE GEOGRÁFICO
Nombre geográfico Bolonia (Arquidiócesis)
9 (RLIN) 21338
700 1# - PUNTO DE ACCESO ADICIONAL--NOMBRE DE PERSONA
Nombre de persona Facundo Raulin, Juan
Término indicativo de función/relación tr.
9 (RLIN) 21339
902 ## - CATALOGADOR
Iniciales CFM
942 ## - ELEMENTOS DE PUNTO DE ACCESO ADICIONAL (KOHA)
Fuente del sistema de clasificación o colocación Library of Congress Classification
Tipo de ítem Koha Libros
Holdings
Estado de retiro Estado de pérdida Fuente del sistema de clasificación o colocación Estado dañado No para préstamo Código de colección Localización permanente Ubicación/localización actual Fecha de adquisición Fuente de adquisición Total de préstamos Signatura topográfica completa Código de barras Fecha visto por última vez Precio válido a partir de Tipo de ítem Koha
El ejemplar forma parte de la colección y puede ser consultado según las políticas vigentes.   Library of Congress Classification     Conventual Franz Mayer Biblioteca del Museo Franz Mayer (Rogerio Casas-Alatriste) Biblioteca del Museo Franz Mayer (Rogerio Casas-Alatriste) 29/06/2016 Donación   BE13 .P37 1764 CFM00013 22/03/2019 22/03/2019 Libros